| 000 | 00474nam a2200157 a 4500 | ||
|---|---|---|---|
| 001 | 34048 | ||
| 005 | 20180714002113.0 | ||
| 008 | 140415s1988 000 0 spa d | ||
| 020 | _a9686038299 | ||
| 041 | _aspa | ||
| 082 |
_a720.288 _bMAN |
||
| 245 | 0 | 0 | _aMANUAL DE MANTENIMIENTOS DE MONUMENTOS HISTORICOS |
| 260 |
_a[s.l.] : _bINSTITUTO NACIONAL DE ANTROPOLOGIA E HISTORIA, _c1988 |
||
| 300 | _a62 | ||
| 650 | 1 | 4 | _aCONSERVACION Y RESTAURACION DE MONUMENTOS |
| 999 |
_c34048 _d34048 |
||